| 000 | 00399cam a2200145ua 4500 | ||
|---|---|---|---|
| 020 | _a9780070260641 | ||
| 020 | _a0070260648 | ||
| 082 |
_a621.47 _bSUK/SO |
||
| 100 |
_aSukhatme, Suhas P. _9748 |
||
| 245 | _aSolar energy: Principles of Thermal Collection and Storage | ||
| 250 | _a2nd / | ||
| 260 |
_aNewDelhi : _bTata Mc-Graw Hill Publishing Company , _c2006. |
||
| 300 | _a426 ; . | ||
| 942 | _cBK | ||
| 999 |
_c2184 _d2184 |
||